| 000 | 00855nam a2200241 i 4500 | ||
|---|---|---|---|
| 001 | 124698 | ||
| 003 | ES-MaACL | ||
| 005 | 20230906192457.0 | ||
| 007 | t| | ||
| 008 | 070418s1921 sp ||||1| spa d | ||
| 080 | _a821.134.2-22"18" | ||
| 100 | 0 |
_aPérez Lugín, Alejandro. _990985 |
|
| 245 | 1 | 3 |
_aLa casa de la Troya _b: adaptación escénica en cuatro capítulos, de la novela del mismo título / _coriginal de Pérez Lugín y Linares Rivas. |
| 260 |
_a[Madrid : _bLa Novela Teatral, _c1921] |
||
| 300 |
_a20 h. ; _c20 cm. |
||
| 490 | 1 |
_aLa novela teatral ; _v243 |
|
| 500 | _aEn la cub. caricatura de Valeriano León por Tovar. | ||
| 700 | 1 |
_aLinares Rivas, Manuel. _972355 |
|
| 700 | 0 |
_aTovar _c, ilustrador. _9157378 |
|
| 830 | 0 |
_aLa novela teatral ; _v243 _9122427 |
|
| 852 |
_aES-MaACL _j2216-F-4 _bR.138778 |
||
| 999 |
_c124698 _d124698 |
||